[Event "Polanica Zdroj op-B 45th"]
[Site "Polanica Zdroj"]
[Date "2009.08.21"]
[Round "4"]
[White "Klimek, Marcin"]
[Black "Labuda, Michal"]
[Result "0-1"]
[WhiteElo "1701"]
[BlackElo "1816"]
[PlyCount "82"]
[EventDate "2009.08.18"]
[EventType "swiss"]
[EventRounds "10"]
[EventCountry "POL"]
[SourceTitle "CBM 131 Extra"]
[Source "ChessBase"]
[SourceDate "2009.09.03"]
[SourceVersion "2"]
[SourceVersionDate "2009.09.16"]
[SourceQuality "1"]

1. e4 c5 2. Nf3 d6 3. c4 Nc6 4. d4 cxd4 5. Nxd4 Nf6 6. Nc3 g6 7. Be2 Bg7 8. Be3 0-0 9. 0-0 a6 10. Rc1 Ne5 11. f3 Rb8 12. Qd2 Be6 13. b3 Nc6 14. h3 Ne8 15. f4 Bd7 16. a4 Nc7 17. Nxc6 bxc6 18. Rb1 Ne6 19. f5 Nc5 20. Bxc5 dxc5 21. Nd1 Qc7 22. Bg4 Rfd8 23. Qf2 Bd4 24. Ne3 Be8 25. Kh1 Qa5 26. Qf4 Qd2 27. Nd5 Qxf4 28. Nxf4 Be5 29. Ne2 h5 30. Bf3 Rd2 31. Ng1 a5 32. Rfd1 Rd4 33. Rdc1 Rd3 34. Bd1 Bf4 35. Bc2 Rc3 36. Rf1 Rxc2 37. Rxf4 Rxc4 38. Rbf1 Rxb3 39. fxg6 f6 40. Nf3 Rbb4 41. Ng5 Bxg6 0-1

[Event "Polanica Zdroj op-B 45th"]
[Site "Polanica Zdroj"]
[Date "2009.08.20"]
[Round "3"]
[White "Koscielny, Edmond"]
[Black "Klimek, Marcin"]
[Result "1-0"]
[WhiteElo "1900"]
[BlackElo "1701"]
[PlyCount "58"]
[EventDate "2009.08.18"]
[EventType "swiss"]
[EventRounds "10"]
[EventCountry "POL"]
[SourceTitle "CBM 131 Extra"]
[Source "ChessBase"]
[SourceDate "2009.09.03"]
[SourceVersion "2"]
[SourceVersionDate "2009.09.16"]
[SourceQuality "1"]

1. f4 e5 2. fxe5 d6 3. exd6 Bxd6 4. Nf3 g5 5. g3 g4 6. Nh4 Ne7 7. d4 Ng6 8. Nxg6 hxg6 9. Bg2 Nc6 10. 0-0 Rxh2 11. Bf4 Rh7 12. c3 Qe7 13. Qd3 Bd7 14. Bxd6 Qxd6 15. Qe3+ Kf8 16. Nd2 Re8 17. Qf2 g5 18. Be4 Rg7 19. Kg2 Be6 20. Qf6 Qd7 21. Rh1 Rg8 22. Bh7 Rg7 23. Bd3 Rg8 24. e4 Nd8 25. c4 Qe7 26. Qh6+ Rg7 27. a3 Qd6 28. Qf6 Qe7 29. Rh8+ Rg8 1-0